| 000 | 00438nam a22001697a 4500 | ||
|---|---|---|---|
| 003 | OSt | ||
| 008 | 240805b |||||||| |||| 00| 0 eng d | ||
| 020 | _a9789391818692 | ||
| 082 | _a677.028 SET | ||
| 100 | _aSEKHRI, Seema | ||
| 245 | _aTextbook of Fabric Science Fundamentals to Finishing | ||
| 250 | _a4th. ed., | ||
| 260 |
_aDelhi, _bPHI Learning Private Limited, _c2024, |
||
| 300 | _a333 p. | ||
| 650 | _aB.FAD. | ||
| 942 |
_2ddc _cBK |
||
| 999 |
_c12819 _d12819 |
||